Quiz sur le football allemand - Statistiques

Statistiques générales
  • Ce quiz a été pris 821 fois
  • Le résultat moyen est 16 sur 21
Statistiques - réponses
Question Réponse % Correct
Nom du championnat d'Allemagne de football Bundesliga
99%
Équipe la plus titrée du championnat d'Allemagne Bayern Munich
97%
Couleurs historiques de l'équipe d'Allemagne (maillot + short) Blanc
96%
Années des victoires en coupe du monde 2014
95%
Couleurs historiques de l'équipe d'Allemagne (maillot + short) Noir
95%
Meilleur buteur de l'histoire du championnat Gerd Müller
94%
Sur quel score s'est terminé le match opposant l'Allemagne et le Brésil lors de la demi-finale de la coupe du monde 2014 ? 7-1
89%
Rival historique de l'équipe d'Allemagne France
87%
Quels clubs s'affrontent lors du derby de la Ruhr Borussia Dortmund
83%
Années des victoires en coupe du monde 1990
80%
Défenseur allemand ballon d'or en 1972 et 1976 Franz Beckenbauer
80%
Années des victoires en coupe du monde 1974
77%
Meilleur buteur de la sélection Miroslav Klose
76%
L'Allemagne sort en phase de poule de la coupe du monde 2022, quels étaient leurs adversaires ? Japon
75%
Années des victoires en coupe du monde 1954
71%
Ancien surnom de l'équipe d'Allemagne, supprimée officiellement en 2022 Die Mannschaft
71%
L'Allemagne sort en phase de poule de la coupe du monde 2022, quels étaient leurs adversaires ? Espagne
71%
L'Allemagne sort en phase de poule de la coupe du monde 2022, quels étaient leurs adversaires ? Costa Rica
62%
Quels clubs s'affrontent lors du derby de la Ruhr Schalke 04
57%
Joueur le plus capé de la sélection Lothar Matthäus
33%
Contre quel club le Hambourg SV a-t-il remporté la finale de ligue des champions en 1983 ? Juventus
21%
Aucun quiz correspondant
Distribution des résultats
% des personnes avec chaque résultat
Percentile par nombre de réponses
Votre historique - résultats
Vous n’avez pas pris ce quiz